Escuela y socialización : evaluación del desarrollo moral /
En esta obra se presentan los resultados de una investigación realizada en el Estado Aguascalientes, acerca de los niveles de desarrollo del juicio moral entre unna muestra de estudiantes de secundaria, preparatoria, técnico superior universitario y licenciatura.
Zapisane w:
| 1. autor: | |
|---|---|
| Kolejni autorzy: | |
| Format: | Książka |
| Język: | hiszpański |
| Wydane: |
Aguascalientes, México
Universidad Autónoma de Aguascalientes,
2004, c2004
|
| Hasła przedmiotowe: | |
| Etykiety: |
Nie ma etykietki, Dołącz pierwszą etykiete!
|
MARC
| LEADER | 00000nam^a2200000^a^4500 | ||
|---|---|---|---|
| 001 | 000179250 | ||
| 005 | 20250521000000.0 | ||
| 009 | 20260310101817.296 | ||
| 020 | |a 970-728-008-5 | ||
| 037 | |a Acervo ITESO - Biblioteca | ||
| 041 | |a ESP | ||
| 082 | |a 370. 114097242 |b BAR | ||
| 100 | |a Barba Casillas, José Bonifacio |e (autor) | ||
| 245 | 1 | 0 | |a Escuela y socialización : |b evaluación del desarrollo moral / |c J.B. Barba Casillas ; colaboración de M. Romo Martínez. |
| 264 | 4 | |a Aguascalientes, México |b Universidad Autónoma de Aguascalientes, |c 2004, c2004 | |
| 300 | |a 456 p. | ||
| 336 | |a texto |b txt |2 rdacontenido | ||
| 337 | |a sin mediación |b n |2 rdamedio | ||
| 338 | |a volumen |b nc |2 rdasoporte | ||
| 520 | |a En esta obra se presentan los resultados de una investigación realizada en el Estado Aguascalientes, acerca de los niveles de desarrollo del juicio moral entre unna muestra de estudiantes de secundaria, preparatoria, técnico superior universitario y licenciatura. | ||
| 649 | |a XX | ||
| 650 | |a Alumnos - |x Condiciones Sociales y Culturales | ||
| 650 | |a Niños - |x Condiciones Sociales y Culturales | ||
| 650 | |a Jóvenes - |x Condiciones Sociales y Culturales | ||
| 650 | |a Identidad Personal | ||
| 650 | |a Identidad Cultural | ||
| 650 | |a Conducta de Vida | ||
| 650 | |a Etica - |x Estudio y Enseñanza | ||
| 650 | |a Axiología de la Educación | ||
| 650 | |a Desarrollo Emocional | ||
| 650 | |a Desarrollo Psicomotriz y Perceptual | ||
| 650 | |a Desarrollo Cognoscitivo | ||
| 650 | |a Percepción Social | ||
| 650 | |a Toma de Decisiones | ||
| 650 | |a Socialización | ||
| 650 | |a Educación Formal | ||
| 650 | |a Finalidades de la Educación | ||
| 650 | |a Análisis de Contenido | ||
| 650 | |a Cuestionario | ||
| 650 | |a Investigación | ||
| 650 | |a Metodología Cualitativa | ||
| 650 | |a Investigación Educativa | ||
| 700 | |a Romo Martínez, Matías |e (colaboración) | ||
| 910 | |a Fondo General | ||
| 920 | |a Impresos - Libros | ||
| 930 | |a Colección General | ||
| 905 | |a 101 | ||
| 901 | |a 0500181148 |b IT1 |c ACC |i D52064 |u 20250521 | ||
| 902 | |a https://opac.biblio.iteso.mx/vufind/Record/000179250 | ||